Responses for show #383 - Wednesday, February 26, 1986

Missing first 26 clues of J! round.
Single Player Final Jeopardy!

Contestants

Shirley, from

Michael, from

Leslie Johnson Kelsey, from (whose 1-day cash winnings total $9,999)

Jeopardy! Round responses

THE EARTH
AUTOMOBILES
THE BIBLE
CITIZENSHIP TEST
COMMOND BONDS
"GRAND"
    $100 6
=

Michael
    $100 21
=

Triple Stumper
    $100 1
=

Leslie
    $100 22
=

Triple Stumper
    $100 16
=

Triple Stumper
    $100 11
=

Triple Stumper
    $200 7
=

Michael
    $200 26
=

Leslie
    $200 2
=

Leslie
    $200 23
=

Triple Stumper
    $200 17
=

Triple Stumper
    $200 12
=

Triple Stumper
    $300 8
=

Leslie
    $300 28
4

Triple Stumper
    $300 3
=

Leslie
    $300 24
=

Triple Stumper
    $300 18
=

Triple Stumper
    $300 13
=

Leslie
    $400 9
=

Triple Stumper
    $400 29
(Michael: What is 1973?)
[The end-of-round signal sounds.]

(19)'74

LeslieMichael
    $400 4
=

Leslie
    $400 25
=

Triple Stumper
    $400 19
=

Triple Stumper
    $400 14
=

Triple Stumper
    $500 10
=

Michael
    $500 5
(S)

=

LeslieShirley
    $500 27
18

Leslie
    $500 20
=

Triple Stumper
    $500 15
=

Triple Stumper

Scores at the first commercial break (after clue 15):

Leslie Michael Shirley
$2,100 $800 -$500

Scores at the end of the Jeopardy! Round:

Leslie Michael Shirley
$3,200 $400 -$500

Double Jeopardy! Round responses

RUSSIA
FABRICS
NUMBER PLEASE
MUSICAL QUESTIONS
1890's
LITERARY LIONS & TIGERS
    $200 16
USSR

Leslie
    $200 15
gingham

Michael
    $200 6
12

Triple Stumper
    $200 1
"What's Love Got To Do With It?"

Michael
    $200 2
Madison Square Garden

Michael
    $200 8
Cowardly Lion

Leslie
    $400 25
Catherine the Great

Leslie
    $400 17
ticking

Shirley
    $400 7
(Leslie: What is 16?)

66

Leslie
Triple Stumper
    $1,800 5
"Are You Lonesome Tonight?"

Leslie
    $400 3
Oscar Wilde

Triple Stumper
    $400 9
Androcles (and the Lion)

Triple Stumper
    $600 26
[The end-of-round signal sounds.]

reindeer

Triple Stumper
    $600 21
(Shirley: What is crush?)
(Michael: What is crushed?)

plush

MichaelShirley
Triple Stumper
    $600 18
1

Leslie
    $600 12
"Did You Ever Have To Make Up Your Mind?"

Triple Stumper
    $600 4
equal

Leslie
    $600 10
Tigger

Leslie
    $800 22
crepe

Leslie
    $800 19
(Shirley: What is 5?)
(Michael: What is 6?)

9

LeslieMichaelShirley
    $800 13
"What'd I Say?"

Triple Stumper
    $800 11
The Jungle Book

Triple Stumper
    $1000 23
(Shirley: What is a kilt?)

Harris tweed

Shirley
Triple Stumper
    $1000 20
21

Triple Stumper
    $1000 14
"Are You Sincere?"

Triple Stumper
    $1000 24
C.S. Lewis

Triple Stumper

Scores at the end of the Double Jeopardy! Round:

Leslie Michael Shirley
$8,800 -$400 -$2,500
(lock game)

[wagering suggestions for these scores]

Final Jeopardy! Round responses

TELEVISION
[Hardcastle and McCormick, Kate and Allie, Television's Bloopers and Practical Jokes, Scarecrow and Mrs. King, Cagney and Lacey]
LeslieWhat is show?
$3,800
and

Final scores:

Leslie Michael Shirley
$5,000 -$400 -$2,500
2-day champion: $14,999 2nd place: La-Z-Boy sofa & Alsy lamps 3rd place: Jules Jurgensen watches

Game dynamics:

Coryat scores:

Leslie Michael Shirley
$7,400 -$400 -$2,500
19 R
(including 1 DD),
1 W
6 R,
3 W
1 R,
4 W

Combined Coryat: $4,500

The J! Archive is created by fans, for fans. The Jeopardy! game show and all elements thereof, including but not limited to copyright and trademark thereto, are the property of Jeopardy Productions, Inc. and are protected under law. This website is not affiliated with, sponsored by, or operated by Jeopardy Productions, Inc. Join the discussion at JBoard.tv.